| LEADER |
00693nam0a2200193 450 |
| 001 |
16826558 |
| 010 |
|
|
|a 978-2-211-23039-1
|b rel.
|d 12,2
|
| 100 |
|
|
|a 20160919d2026 u u0frey01 ba
|
| 101 |
0 |
|
|a fre
|
| 102 |
|
|
|a FR
|
| 200 |
0 |
|
|a monture de Castor-Têtu (La)
|f Jean Leroy, Audrey Poussier
|
| 207 |
|
1 |
|a
|
| 210 |
|
|
|a Paris
|b 11 rue de Sèvres.
|c L'Ecole des Loisirs
|d DL 2016
|
| 215 |
|
|
|a 1 vol. (non paginé [28] p.)
|c ill. en coul.
|d 24 x 26 cm
|
| 700 |
|
0 |
|a Leroy
|b Jean
|c Auteur du texte
|f 1975-....
|4 70
|
| 701 |
|
0 |
|a Poussier
|b Audrey
|f 1978-....
|4 70
|
| 900 |
|
|
|a Album
|
| 901 |
|
|
|a Accessible au prêt
|
| 995 |
|
|
|a Bibliothèque
|c Bibliothèque
|f 024017716
|h 024017716
|k A LER
|o p
|q j
|r az
|e Bibliothèque
|